Multiculturalism and Multilingualism in Education : Implications for Curriculum, Teacher Preparation and Pedagogical Practice /
Despite the superdiversity of an increasingly multicultural and multilingual world, policy and practice in education continues to deal with issues of inclusion and diversity in language education in rather tangential and peripheral ways. To address critical issues in multicultural and multilingual e...
المؤلف الرئيسي:
التنسيق: كتاب الكتروني
اللغة: English
منشور في:
Leiden ; Boston :
Brill,
2025.
سلاسل:
Language Learning and Multilingualism ;
5.
Literature and Cultural Studies E-Books Online, Collection 2025.
الموضوعات:
الوصول للمادة أونلاين: Login to view Source
الوسوم: إضافة وسم
رقم الطلب: LA227.3
| LEADER | 02693nam a22005178i 4500 | ||
|---|---|---|---|
| 001 | BRILL9789004709850 | ||
| 003 | nllekb | ||
| 005 | 20241030072147.0 | ||
| 006 | m d | ||
| 007 | cr un uuuua | ||
| 008 | 240801s2025 gw sb 001 0 eng d | ||
| 020 | |a 9789004709850 |q (electronic book) | ||
| 020 | |z 9789004709843 |q (print) | ||
| 024 | 7 | |a 10.1163/9789004709850 |2 DOI | |
| 035 | |z (OCoLC)1440216422 | ||
| 040 | |a NL-LeKB |c NL-LeKB |e rda | ||
| 041 | |a eng | ||
| 050 | 4 | |a LA227.3 | |
| 072 | 7 | |a CJ |2 bicssc | |
| 072 | 7 | |a EDU |x 029000 |2 bisacsh | |
| 072 | 7 | |a LAN |x 020000 |2 bisacsh | |
| 082 | 0 | 4 | |a 378/.012/0973 |2 23 |
| 100 | 1 | |a Veliz, Leonardo, |e author. | |
| 245 | 1 | 0 | |a Multiculturalism and Multilingualism in Education : |b Implications for Curriculum, Teacher Preparation and Pedagogical Practice / |c edited by Leonardo Veliz. |
| 246 | 3 | |a Implications for Curriculum, Teacher Preparation and Pedagogical Practice | |
| 264 | 1 | |a Leiden ; |a Boston : |b Brill, |c 2025. | |
| 264 | 4 | |c ©2025 | |
| 300 | |a 1 online resource (250 pages) : |b illustrations. | ||
| 336 | |a text |b txt |2 rdacontent | ||
| 337 | |a computer |b c |2 rdamedia | ||
| 338 | |a online resource |2 rdacarrier | ||
| 490 | 1 | |a Language Learning and Multilingualism ; |v 5 | |
| 490 | 1 | |a Literature and Cultural Studies E-Books Online, Collection 2025 | |
| 504 | |a Includes bibliographical references and index. | ||
| 520 | |a Despite the superdiversity of an increasingly multicultural and multilingual world, policy and practice in education continues to deal with issues of inclusion and diversity in language education in rather tangential and peripheral ways. To address critical issues in multicultural and multilingual education, with implications for curriculum, teacher preparation and pedagogical practice, this volume brings together international perspectives on research, policy and pedagogical practice that help the global community gain new insights into ground-breaking work that addresses current questions, challenges and complexities in an education world of superdiversity. | ||
| 546 | |a English | ||
| 588 | |a Description based on print version record. | ||
| 650 | 0 | |a Culture & Education. | |
| 650 | 0 | |a Education. | |
| 650 | 0 | |a Teacher Education. | |
| 776 | 0 | 8 | |i Print version: |t Multiculturalism and Multilingualism in Education : Implications for Curriculum, Teacher Preparation and Pedagogical Practice. |d Leiden ; Boston : Brill, 2025. |z 9789004709843 |
| 830 | 0 | |a Language Learning and Multilingualism ; |v 5. | |
| 830 | 0 | |a Literature and Cultural Studies E-Books Online, Collection 2025. | |
| 856 | 4 | |z DOI: |u http://dx.doi.org/10.1163/9789004709850 | |
| 942 | |2 lcc |c EBOOK | ||
| 999 | |c 59431 |d 59431 | ||
